| 000 | 00647nam a22002177a 4500 | ||
|---|---|---|---|
| 003 | OSt | ||
| 005 | 20241015123955.0 | ||
| 008 | 241015b |||||||| |||| 00| 0 eng d | ||
| 020 | _a9780564035076 | ||
| 020 | _a9780564035373 | ||
| 020 | _a9780564035274 | ||
| 040 |
_aMMU _beng _cMMU _dMMU |
||
| 050 | _aREF BS185 .H65 1971 | ||
| 245 |
_aHoly Bible : _bcontaining the old and new testaments / |
||
| 250 | _aRevised Standard Version | ||
| 260 |
_aWashington : _bBible Society Resources Ltd, _c2016. |
||
| 300 | _axii,261 pages : | ||
| 500 | _aIncludes Concordance | ||
| 650 |
_aThe books of old and new testament _92063 |
||
| 942 |
_2lcc _cREFERENCE |
||
| 999 |
_c1827 _d1827 |
||